000 01660nam a22002777a 4500
003 OSt
005 20240923142358.0
008 240923s2024 us a|||f |||| 001 0 spa d
020 _a9786310025179
040 _aCHAP
_cCHAP
_erda
082 0 0 _222
_a582.13
_bL92
100 1 _aLúquez, Claudia Victoria
_9189626
245 1 0 _aBotánica sistemática esencial:
_bfamilia de plantas con flores según APG IV /
_cpor Claudia Victoria Lúquez
250 _aPrimera edición
264 1 _aEstados Unidos:
_bArgentina,
_c2023.
300 _a262 páginas:
_bilustraciones
336 _2rdacontent
_atexto
_btxt
337 _2rdamedia
_asin medio
_bn
338 _2rdacarrier
_avolumen
_bnc
500 _aObra ilustrada
504 _aIncluye índice, bibliografía y glosario
520 _aEl objetivo de este libro es brindar a profesionales, estudiantes y aficionados, los instrumentos esenciales para reconocer las diversas familias de plantas que nos rodean. Se describen las caracteres diferenciales para la identificación a campo y en investigación. En cada familia de plantas (Subfamilias y tribus, según su importancia) se acompañan los caracteres diagnósticos con ilustraciones didácticas (de alta definición) que proporcionan su Gestalt (forma distintiva). Se incluye además hábitat, distribución, importancia económica y otra información relevante. Un glosario interactivo con hipervínculos permite comprender los términos que presentan alguna dificultad. Incluye el glosario completo de términos utilizados.
650 4 _aBotánica
_xClasificación
_914516
700 1 _aFormento, Carlos Ludovico
_9189627
_eilustrador
942 _2ddc
_cLIBRO
999 _c220174
_d220174